Important movie directors of Continental Europe - Statistics

General Stats
  • This quiz has been taken 72 times
  • The average score is 15 of 20
Answer Stats
Movies Country Answer % Correct
The Pianist, Rosemary's Baby, Chinatown France, Poland Roman Polanski
97%
8 1/2, La Dolce Vita, La Strada Italy Federico Fellini
95%
The Seventh Seal, Persona, Fanny and Alexander Sweden Ingmar Bergman
94%
A Fistful of Dollars, Once Upon a Time in the West, Once Upon a Time in America Italy Sergio Leone
91%
Metropolis, M, Dr. Mabuse the Gambler Germany Fritz Lang
84%
Women on the Verge of a Nervous Breakdown, All About My Mother, Talk to Her Spain Pedro Almodóvar
84%
"Paris, Texas", "Wings of Desire", Buena Vista Social Club Germany Wim Wenders
83%
Amadeus, One Flew Over the Cuckoo's Nest, Hair Czechoslovakia Miloš Forman
81%
Léon: The Professional, The Fifth Element France Luc Besson
77%
Andrei Rublev, Mirror, Stalker, Solaris Soviet Union Andrei Tarkovsky
75%
"Aguirre, the Wrath of God", Fitzcarraldo, Nosferatu the Vampyre Germany Werner Herzog
75%
The 400 Blows, Day for Night, Jules and Jim France François Truffaut
73%
Strike, Battleship Potemkin, Alexander Nevski, October Soviet Union Sergei Eisenstein
73%
The Discreet Charm of the Bourgeoisie, That Obscure Object of Desire Spain, Mexico Luis Buñuel
69%
Bicycle Thieves, Shoeshine, "Yesterday, Today and Tomorrow" Italy Vittorio De Sica
64%
La Grande Illusion, The Rules of the Game France Jean Renoir
61%
Das Boot, The NeverEnding Story, Air Force One Germany Wolfgang Petersen
61%
Triumph of the Will, Olympia, The Blue Light Germany Leni Riefenstahl
55%
Man of Iron, Katyń, The Promised Land Poland Andrzej Wajda
36%
Fate of a Man, War and Peace, Waterloo Soviet Union Sergei Bondarchuk
28%
No matching quizzes found
Score Distribution
Percent of People with Each Score
Percentile by Number Answered
Your Score History
You have not taken this quiz